| 000 | 00819nam a2200205 a 4500 | ||
|---|---|---|---|
| 003 | 0 | ||
| 005 | 20250214145543.0 | ||
| 008 | 110621s19uu xx 00 eng d | ||
| 050 |
_aPHS SB 931 _b.As798 2011 |
||
| 100 | _aAsada, Unoo A. | ||
| 245 |
_aA comparative study of Tawa-tawa plant (Euphorbia hirta) as alternative mosquito larvicide / _cUnoo A. Asada. |
||
| 260 |
_aLas PiƱas City, Philippines : _bSouthville International School and Colleges, _c2011. |
||
| 300 |
_a39 pages : _billustrations ; _c28 cm. |
||
| 504 | _aIncludes bibliographical references. | ||
| 650 |
_aEuphorbia hirta _xInsecticidal properties. |
||
| 650 |
_aMosquitoes _xLarvicides _vNatural alternatives. |
||
| 650 |
_aBiological pest control _xPlant-based solutions. |
||
| 650 |
_aHerbal pesticides _xComparative studies. |
||
| 942 |
_2lcc _cPASS |
||
| 999 |
_c98562 _d98562 |
||